<?xml version="1.0" encoding="UTF-8"?>
<record
    xmlns:xsi="http://www.w3.org/2001/XMLSchema-instance"
    xsi:schemaLocation="http://www.loc.gov/MARC21/slim http://www.loc.gov/standards/marcxml/schema/MARC21slim.xsd"
    xmlns="http://www.loc.gov/MARC21/slim">

  <leader>03789naa2a2200421   4500</leader>
  <controlfield tag="001">RU\NLR\BIBL_A\011369349</controlfield>
  <controlfield tag="005">20260407064340.0</controlfield>
  <datafield tag="035" ind1=" " ind2=" ">
    <subfield code="a">(NLR Aleph) 011369349</subfield>
  </datafield>
  <datafield tag="090" ind1=" " ind2=" ">
    <subfield code="a">11342071</subfield>
    <subfield code="c">11342071</subfield>
  </datafield>
  <datafield tag="100" ind1=" " ind2=" ">
    <subfield code="a">20170417d1809    m||y0rusy50      ca</subfield>
  </datafield>
  <datafield tag="101" ind1="0" ind2=" ">
    <subfield code="a">rus</subfield>
  </datafield>
  <datafield tag="102" ind1=" " ind2=" ">
    <subfield code="a">RU</subfield>
  </datafield>
  <datafield tag="135" ind1=" " ind2=" ">
    <subfield code="a">crcn 024anaba</subfield>
  </datafield>
  <datafield tag="200" ind1="1" ind2=" ">
    <subfield code="a">&#x418;&#x43D;&#x441;&#x442;&#x440;&#x443;&#x43A;&#x446;&#x438;&#x44F; &#x41C;&#x435;&#x436;&#x435;&#x432;&#x43E;&#x439; &#x440;&#x435;&#x432;&#x438;&#x437;&#x438;&#x43E;&#x43D;&#x43D;&#x43E;&#x439; &#x43A;&#x43E;&#x43C;&#x43C;&#x438;&#x441;&#x438;&#x438; &#x432; &#x41B;&#x438;&#x444;&#x43B;&#x44F;&#x43D;&#x434;&#x438;&#x438;.</subfield>
  </datafield>
  <datafield tag="210" ind1=" " ind2=" ">
    <subfield code="d">1809]</subfield>
  </datafield>
  <datafield tag="304" ind1=" " ind2=" ">
    <subfield code="a">&#x412;&#x432;&#x435;&#x440;&#x445;&#x443; &#x442;&#x435;&#x43A;&#x441;&#x442;&#x430; &#x43D;&#x430; &#x441;.1 (2-&#x430;&#x44F; &#x43F;&#x430;&#x433;.): &#x41D;&#x430; &#x43F;&#x43E;&#x434;&#x43B;&#x438;&#x43D;&#x43D;&#x43E;&#x439; &#x43D;&#x430;&#x43F;&#x438;&#x441;&#x430;&#x43D;&#x43E; &#x441;&#x43E;&#x431;&#x441;&#x442;&#x432;&#x435;&#x43D;&#x43D;&#x43E;&#x44E; &#x435;&#x433;&#x43E; &#x438;&#x43C;&#x43F;&#x435;&#x440;&#x430;&#x442;&#x43E;&#x440;&#x441;&#x43A;&#x430;&#x433;&#x43E; &#x432;&#x435;&#x43B;&#x438;&#x447;&#x435;&#x441;&#x442;&#x432;&#x430; &#x440;&#x443;&#x43A;&#x43E;&#x44E; &#x442;&#x430;&#x43A;&#x43E;: &#x411;&#x44B;&#x442;&#x44C; &#x43F;&#x43E; &#x441;&#x435;&#x43C;&#x443; &#x410;&#x43B;&#x435;&#x43A;&#x441;&#x430;&#x43D;&#x434;&#x440;. &#x412; &#x421;.&#x41F;&#x435;&#x442;&#x435;&#x440;&#x431;&#x443;&#x440;&#x433;&#x435; &#x444;&#x435;&#x432;&#x440;&#x430;&#x43B;&#x44F; 28 &#x434;&#x43D;&#x44F; 1809 &#x433;&#x43E;&#x434;&#x430;.</subfield>
  </datafield>
  <datafield tag="304" ind1=" " ind2=" ">
    <subfield code="a">&#x412;&#x43D;&#x438;&#x437;&#x443; &#x442;&#x435;&#x43A;&#x441;&#x442;&#x430; &#x43D;&#x430; &#x441;.11 (2-&#x430;&#x44F; &#x43F;&#x430;&#x433;.): &#x41F;&#x43E;&#x434;&#x43B;&#x438;&#x43D;&#x43D;&#x443;&#x44E; &#x43F;&#x43E;&#x434;&#x43F;&#x438;&#x441;&#x430;&#x43B;&#x438;: &#x41A;. &#x410;&#x43B;&#x435;&#x43A;&#x441;&#x435;&#x439; &#x41A;&#x443;&#x440;&#x430;&#x43A;&#x438;&#x43D;. &#x41E;&#x441;&#x438;&#x43F; &#x41A;&#x43E;&#x437;&#x43E;&#x434;&#x430;&#x432;&#x43B;&#x435;&#x432;. &#x41C;.&#x421;&#x43F;&#x435;&#x440;&#x430;&#x43D;&#x441;&#x43A;&#x438;&#x439;. &#x424;&#x435;&#x434;&#x43E;&#x440; &#x420;&#x435;&#x440;&#x437;&#x434;&#x43E;&#x440;&#x444; [! &#x413;&#x435;&#x440;&#x437;&#x434;&#x43E;&#x440;&#x444;]. &#x413;&#x443;&#x441;&#x442;&#x430;&#x432; &#x411;&#x443;&#x434;&#x434;&#x435;&#x43D;&#x431;&#x440;&#x43E;&#x43A;. &#x42F;&#x43A;&#x43E;&#x432; &#x414;&#x440;&#x443;&#x436;&#x438;&#x43D;&#x438;&#x43D;. &#x41F;&#x435;&#x442;&#x440; &#x42D;&#x43A;&#x441;&#x43F;&#x430;&#x440;&#x442;. &#x41F;&#x43E; &#x43B;&#x438;&#x441;&#x442;&#x430;&#x43C; &#x441;&#x43A;&#x440;&#x435;&#x43F;&#x438;&#x43B; &#x43F;&#x440;&#x430;&#x432;&#x438;&#x442;&#x435;&#x43B;&#x44C; &#x434;&#x435;&#x43B; &#x43D;&#x430;&#x434;&#x432;&#x43E;&#x440;&#x43D;&#x44B;&#x439; &#x441;&#x43E;&#x432;&#x435;&#x442;&#x43D;&#x438;&#x43A; &#x41A;&#x430;&#x439;&#x441;&#x430;&#x440;&#x43E;&#x432;.</subfield>
  </datafield>
  <datafield tag="325" ind1="1" ind2=" ">
    <subfield code="a">&#x41A;&#x43E;&#x43F;&#x438;&#x44F; &#x434;&#x43E;&#x441;&#x442;&#x443;&#x43F;&#x43D;&#x430; &#x432; &#x44D;&#x43B;&#x435;&#x43A;&#x442;&#x440;&#x43E;&#x43D;&#x43D;&#x43E;&#x439; &#x431;&#x438;&#x431;&#x43B;&#x438;&#x43E;&#x442;&#x435;&#x43A;&#x435; &#x420;&#x41D;&#x411;</subfield>
  </datafield>
  <datafield tag="463" ind1=" " ind2="0">
    <subfield code="1">001RU\NLR\BIBL_A\011369186</subfield>
    <subfield code="1">2001#$a&#x414;&#x43E;&#x43F;&#x43E;&#x43B;&#x43D;&#x438;&#x442;&#x435;&#x43B;&#x44C;&#x43D;&#x44B;&#x44F; &#x441;&#x442;&#x430;&#x442;&#x44C;&#x438; &#x43F;&#x43E;&#x441;&#x442;&#x430;&#x43D;&#x43E;&#x432;&#x43B;&#x44F;&#x435;&#x43C;&#x44B;&#x44F; &#x432; &#x43F;&#x43E;&#x44F;&#x441;&#x43D;&#x435;&#x43D;&#x438;&#x435; &#x41F;&#x43E;&#x43B;&#x43E;&#x436;&#x435;&#x43D;&#x438;&#x44F; &#x43E; &#x43F;&#x440;&#x430;&#x432;&#x430;&#x445; &#x438; &#x43F;&#x43E;&#x432;&#x438;&#x43D;&#x43D;&#x43E;&#x441;&#x442;&#x44F;&#x445; &#x43B;&#x438;&#x444;&#x43B;&#x44F;&#x43D;&#x434;&#x441;&#x43A;&#x438;&#x445; &#x43A;&#x440;&#x435;&#x441;&#x442;&#x44C;&#x44F;&#x43D;, &#x432; 20 &#x439; &#x434;&#x435;&#x43D;&#x44C; &#x444;&#x435;&#x432;&#x440;&#x430;&#x43B;&#x44F; 1804 &#x433;&#x43E;&#x434;&#x430; &#x432;&#x44B;&#x441;&#x43E;&#x447;&#x430;&#x439;&#x448;&#x435; &#x443;&#x442;&#x432;&#x435;&#x440;&#x436;&#x434;&#x435;&#x43D;&#x43D;&#x430;&#x433;&#x43E;.$v&#x421;.1-11, [1] (2-&#x430;&#x44F; &#x43F;&#x430;&#x433;.)</subfield>
    <subfield code="9">11341069</subfield>
    <subfield code="c">[&#x411;.&#x43C;.</subfield>
    <subfield code="d">1809]</subfield>
    <subfield code="p">[2], 20, 11, [1] &#x441;.</subfield>
    <subfield code="t">&#x414;&#x43E;&#x43F;&#x43E;&#x43B;&#x43D;&#x438;&#x442;&#x435;&#x43B;&#x44C;&#x43D;&#x44B;&#x44F; &#x441;&#x442;&#x430;&#x442;&#x44C;&#x438; &#x43F;&#x43E;&#x441;&#x442;&#x430;&#x43D;&#x43E;&#x432;&#x43B;&#x44F;&#x435;&#x43C;&#x44B;&#x44F; &#x432; &#x43F;&#x43E;&#x44F;&#x441;&#x43D;&#x435;&#x43D;&#x438;&#x435; &#x41F;&#x43E;&#x43B;&#x43E;&#x436;&#x435;&#x43D;&#x438;&#x44F; &#x43E; &#x43F;&#x440;&#x430;&#x432;&#x430;&#x445; &#x438; &#x43F;&#x43E;&#x432;&#x438;&#x43D;&#x43D;&#x43E;&#x441;&#x442;&#x44F;&#x445; &#x43B;&#x438;&#x444;&#x43B;&#x44F;&#x43D;&#x434;&#x441;&#x43A;&#x438;&#x445; &#x43A;&#x440;&#x435;&#x441;&#x442;&#x44C;&#x44F;&#x43D;, &#x432; 20 &#x439; &#x434;&#x435;&#x43D;&#x44C; &#x444;&#x435;&#x432;&#x440;&#x430;&#x43B;&#x44F; 1804 &#x433;&#x43E;&#x434;&#x430; &#x432;&#x44B;&#x441;&#x43E;&#x447;&#x430;&#x439;&#x448;&#x435; &#x443;&#x442;&#x432;&#x435;&#x440;&#x436;&#x434;&#x435;&#x43D;&#x43D;&#x430;&#x433;&#x43E;.</subfield>
    <subfield code="v">&#x421;.1-11, [1] (2-&#x430;&#x44F; &#x43F;&#x430;&#x433;.)</subfield>
  </datafield>
  <datafield tag="702" ind1=" " ind2="1">
    <subfield code="4">720</subfield>
    <subfield code="8">rus</subfield>
    <subfield code="7">ca</subfield>
    <subfield code="a">&#x41A;&#x443;&#x440;&#x430;&#x43A;&#x438;&#x43D;</subfield>
    <subfield code="b">&#x410;. &#x411;.</subfield>
    <subfield code="f">1759-1829</subfield>
    <subfield code="g">&#x410;&#x43B;&#x435;&#x43A;&#x441;&#x435;&#x439; &#x411;&#x43E;&#x440;&#x438;&#x441;&#x43E;&#x432;&#x438;&#x447;</subfield>
    <subfield code="3">RU\NLR\AUTH\7789108</subfield>
    <subfield code="9">72036</subfield>
  </datafield>
  <datafield tag="702" ind1=" " ind2="1">
    <subfield code="4">720</subfield>
    <subfield code="8">rus</subfield>
    <subfield code="7">ca</subfield>
    <subfield code="a">&#x41A;&#x43E;&#x437;&#x43E;&#x434;&#x430;&#x432;&#x43B;&#x435;&#x432;</subfield>
    <subfield code="b">&#x41E;. &#x41F;.</subfield>
    <subfield code="f">1754-1819</subfield>
    <subfield code="g">&#x41E;&#x441;&#x438;&#x43F; &#x41F;&#x435;&#x442;&#x440;&#x43E;&#x432;&#x438;&#x447;</subfield>
    <subfield code="3">RU\NLR\AUTH\7785225</subfield>
    <subfield code="9">68153</subfield>
  </datafield>
  <datafield tag="702" ind1=" " ind2="1">
    <subfield code="4">720</subfield>
    <subfield code="8">rus</subfield>
    <subfield code="7">ca</subfield>
    <subfield code="a">&#x421;&#x43F;&#x435;&#x440;&#x430;&#x43D;&#x441;&#x43A;&#x438;&#x439;</subfield>
    <subfield code="b">&#x41C;. &#x41C;.</subfield>
    <subfield code="c">&#x433;&#x43E;&#x441;. &#x434;&#x435;&#x44F;&#x442;&#x435;&#x43B;&#x44C;</subfield>
    <subfield code="f">1772-1839</subfield>
    <subfield code="g">&#x41C;&#x438;&#x445;&#x430;&#x438;&#x43B; &#x41C;&#x438;&#x445;&#x430;&#x439;&#x43B;&#x43E;&#x432;&#x438;&#x447;</subfield>
    <subfield code="3">RU\NLR\AUTH\7714541</subfield>
    <subfield code="9">124213</subfield>
  </datafield>
  <datafield tag="702" ind1=" " ind2="1">
    <subfield code="4">720</subfield>
    <subfield code="a">&#x413;&#x435;&#x440;&#x437;&#x434;&#x43E;&#x440;&#x444;</subfield>
    <subfield code="b">&#x424;. &#x413;.</subfield>
    <subfield code="g">&#x424;&#x435;&#x434;&#x43E;&#x440; &#x413;&#x440;&#x438;&#x433;&#x43E;&#x440;&#x44C;&#x435;&#x432;&#x438;&#x447;</subfield>
    <subfield code="9">172077</subfield>
    <subfield code="3">RU\NLR\AUTH\770172127</subfield>
  </datafield>
  <datafield tag="702" ind1=" " ind2="1">
    <subfield code="4">720</subfield>
    <subfield code="7">ca</subfield>
    <subfield code="8">rus</subfield>
    <subfield code="a">&#x411;&#x443;&#x434;&#x434;&#x435;&#x43D;&#x431;&#x440;&#x43E;&#x43A;</subfield>
    <subfield code="b">&#x413;. &#x418;.</subfield>
    <subfield code="f">1758-1821</subfield>
    <subfield code="g">&#x413;&#x443;&#x441;&#x442;&#x430;&#x432; &#x418;&#x43E;&#x433;&#x430;&#x43D;&#x43D;</subfield>
    <subfield code="9">172076</subfield>
    <subfield code="3">RU\NLR\AUTH\770172126</subfield>
  </datafield>
  <datafield tag="702" ind1=" " ind2="1">
    <subfield code="4">720</subfield>
    <subfield code="7">ca</subfield>
    <subfield code="8">rus</subfield>
    <subfield code="a">&#x414;&#x440;&#x443;&#x436;&#x438;&#x43D;&#x438;&#x43D;</subfield>
    <subfield code="b">&#x42F;. &#x410;.</subfield>
    <subfield code="f">1771-1849</subfield>
    <subfield code="g">&#x42F;&#x43A;&#x43E;&#x432; &#x410;&#x43B;&#x435;&#x43A;&#x441;&#x430;&#x43D;&#x434;&#x440;&#x43E;&#x432;&#x438;&#x447;</subfield>
    <subfield code="9">168124</subfield>
    <subfield code="3">RU\NLR\AUTH\770168172</subfield>
  </datafield>
  <datafield tag="702" ind1=" " ind2="1">
    <subfield code="4">720</subfield>
    <subfield code="7">ca</subfield>
    <subfield code="8">rus</subfield>
    <subfield code="a">&#x42D;&#x43A;&#x435;&#x441;&#x43F;&#x430;&#x440;&#x440;&#x435;</subfield>
    <subfield code="b">&#x41F;. &#x41A;.</subfield>
    <subfield code="g">&#x41F;&#x435;&#x442;&#x440; &#x41A;&#x430;&#x440;&#x43B;&#x43E;&#x432;&#x438;&#x447;</subfield>
    <subfield code="9">172079</subfield>
    <subfield code="3">RU\NLR\AUTH\770172129</subfield>
  </datafield>
  <datafield tag="702" ind1=" " ind2="1">
    <subfield code="4">720</subfield>
    <subfield code="7">ca</subfield>
    <subfield code="8">rus</subfield>
    <subfield code="a">&#x41A;&#x430;&#x439;&#x441;&#x430;&#x440;&#x43E;&#x432;</subfield>
    <subfield code="b">&#x41F;. &#x421;.</subfield>
    <subfield code="f">1777-1854</subfield>
    <subfield code="g">&#x41F;&#x435;&#x442;&#x440; &#x421;&#x435;&#x440;&#x433;&#x435;&#x435;&#x432;&#x438;&#x447;</subfield>
    <subfield code="9">172085</subfield>
    <subfield code="3">RU\NLR\AUTH\770172135</subfield>
  </datafield>
  <datafield tag="711" ind1="0" ind2="1">
    <subfield code="4">570</subfield>
    <subfield code="a">&#x420;&#x43E;&#x441;&#x441;&#x438;&#x44F;</subfield>
    <subfield code="b">&#x41C;&#x435;&#x436;&#x435;&#x432;&#x430;&#x44F; &#x43A;&#x43E;&#x43C;&#x438;&#x441;&#x441;&#x438;&#x44F;</subfield>
    <subfield code="3">RU\NLR\AUTH\889935760</subfield>
    <subfield code="9">366387</subfield>
  </datafield>
  <datafield tag="852" ind1=" " ind2=" ">
    <subfield code="a">NLR</subfield>
    <subfield code="j">18.107.1.216</subfield>
  </datafield>
  <datafield tag="901" ind1=" " ind2=" ">
    <subfield code="e">&#x41A;&#x43D;&#x438;&#x436;&#x43D;&#x44B;&#x435; &#x438;&#x437;&#x434;&#x430;&#x43D;&#x438;&#x44F;</subfield>
  </datafield>
  <datafield tag="942" ind1=" " ind2=" ">
    <subfield code="c">BOOK</subfield>
  </datafield>
  <datafield tag="980" ind1=" " ind2=" ">
    <subfield code="a">A1XVIIIv</subfield>
  </datafield>
  <datafield tag="980" ind1=" " ind2=" ">
    <subfield code="a">A1UKAZ</subfield>
  </datafield>
  <datafield tag="981" ind1="2" ind2="0">
    <subfield code="a">(20) &#x41A;&#x43D;&#x438;&#x436;&#x43D;&#x44B;&#x435; &#x43F;&#x430;&#x43C;&#x44F;&#x442;&#x43D;&#x438;&#x43A;&#x438; &#x420;&#x41D;&#x411;</subfield>
  </datafield>
  <datafield tag="981" ind1="1" ind2="6">
    <subfield code="a">(16) &#x417;&#x430;&#x43A;&#x43E;&#x43D;&#x43E;&#x434;&#x430;&#x442;&#x435;&#x43B;&#x44C;&#x43D;&#x44B;&#x435; &#x430;&#x43A;&#x442;&#x44B; &#x420;&#x43E;&#x441;&#x441;&#x438;&#x439;&#x441;&#x43A;&#x43E;&#x439; &#x438;&#x43C;&#x43F;&#x435;&#x440;&#x438;&#x438;</subfield>
  </datafield>
  <datafield tag="981" ind1="2" ind2="2">
    <subfield code="a">(22) &#x41C;&#x430;&#x442;&#x435;&#x440;&#x438;&#x430;&#x43B;&#x44B; &#x43F;&#x43E; &#x438;&#x441;&#x442;&#x43E;&#x440;&#x438;&#x438; &#x420;&#x43E;&#x441;&#x441;&#x438;&#x438;</subfield>
    <subfield code="b">(22) &#x418;&#x441;&#x442;&#x43E;&#x440;&#x438;&#x44F; &#x420;&#x43E;&#x441;&#x441;&#x438;&#x438; &#x434;&#x43E; 25 &#x43E;&#x43A;&#x442;&#x44F;&#x431;&#x440;&#x44F; (7 &#x43D;&#x43E;&#x44F;&#x431;&#x440;&#x44F;) 1917 &#x433;&#x43E;&#x434;&#x430;</subfield>
    <subfield code="b">&#x41E;&#x440;&#x433;&#x430;&#x43D;&#x44B; &#x443;&#x43F;&#x440;&#x430;&#x432;&#x43B;&#x435;&#x43D;&#x438;&#x44F;</subfield>
  </datafield>
</record>
